[Event "BLR-ch sf"]
[Site "Minsk"]
[Date "2023.12.13"]
[Round "7"]
[White "Bas, Marsel"]
[Black "Tsiuryn, Ilya"]
[Result "0-1"]
[WhiteElo "1402"]
[BlackElo "1638"]
[PlyCount "72"]
[EventDate "2023.12.07"]
[EventType "swiss"]
[EventRounds "9"]
[EventCountry "BLR"]
[SourceTitle "CBM 217 Extra"]
[Source "ChessBase"]
[SourceDate "2024.01.31"]
[SourceVersion "1"]
[SourceVersionDate "2024.01.31"]
[SourceQuality "1"]

1. e4 b6 2. d4 Bb7 3. Nc3 e6 4. Nf3 Bb4 5. Bd3 Nf6 6. Qe2 d5 7. exd5 Qxd5 8. 0-0 Bxc3 9. bxc3 Nbd7 10. Bf4 0-0-0 11. Ba6 Qe4 12. Bxb7+ Kxb7 13. Be3 Nd5 14. c4 Nf4 15. Qd2 Nxg2 16. Ng5 Qg6 17. Qd3 f5 18. Qe2 Nh4 19. Kh1 h6 20. Rg1 hxg5 21. Bxg5 Qf7 22. Bxd8 Rxd8 23. c5 Nf6 24. a4 Rxd4 25. a5 Qh5 26. Qxh5 Nxh5 27. axb6 axb6 28. cxb6 cxb6 29. Ra3 g6 30. Re3 Nf4 31. c3 Rd2 32. Rf1 g5 33. h3 Kc6 34. Rg3 Rd3 35. Ra1 Nxh3 36. Kh2 Nxf2 0-1

[Event "BLR-ch sf"]
[Site "Minsk"]
[Date "2023.12.08"]
[Round "2"]
[White "Yastrebov, Yaroslav"]
[Black "Tsiuryn, Ilya"]
[Result "0-1"]
[WhiteElo "1282"]
[BlackElo "1638"]
[PlyCount "80"]
[EventDate "2023.12.07"]
[EventType "swiss"]
[EventRounds "9"]
[EventCountry "BLR"]
[SourceTitle "CBM 217 Extra"]
[Source "ChessBase"]
[SourceDate "2024.01.31"]
[SourceVersion "1"]
[SourceVersionDate "2024.01.31"]
[SourceQuality "1"]

1. e4 Nf6 2. e5 Nd5 3. d4 d6 4. c4 Nb6 5. f4 g6 6. Be3 dxe5 7. fxe5 c5 8. d5 Bg7 9. Bxc5 N8d7 10. Bd4 Nxe5 11. Be2 0-0 12. Nf3 Nxf3+ 13. Bxf3 e5 14. Bc5 Re8 15. Qb3 Qh4+ 16. g3 Qh3 17. Nd2 e4 18. Be2 Bg4 19. Bxg4 Qxg4 20. 0-0 e3 21. Bxb6 axb6 22. Nf3 e2 23. Rf2 Bd4 24. Re1 Bc5 25. Kg2 Bxf2 26. Kxf2 Rac8 27. Rxe2 Rxe2+ 28. Kxe2 Rxc4 29. Qd3 Qe4+ 30. Qxe4 Rxe4+ 31. Kd3 Ra4 32. a3 Kf8 33. Nd4 Ke7 34. Nb5 Rg4 35. b4 h5 36. Ke3 h4 37. Kf3 Rc4 38. g4 Rc2 39. h3 Rh2 40. Kf4 Rxh3 0-1

[Event "Minsk op"]
[Site "Minsk"]
[Date "2022.08.03"]
[Round "1"]
[White "Tsiuryn, Ilya"]
[Black "Kekelidze, Mikheil"]
[Result "0-1"]
[WhiteElo "1511"]
[BlackElo "2351"]
[PlyCount "80"]
[EventDate "2022.08.03"]
[EventType "swiss"]
[EventRounds "9"]
[EventCountry "BLR"]
[SourceTitle "CBM 209 Extra"]
[Source "ChessBase"]
[SourceDate "2022.09.30"]
[SourceVersion "1"]
[SourceVersionDate "2022.09.30"]
[SourceQuality "1"]

1. b3 a5 2. a3 d5 3. Bb2 Nf6 4. e3 Bg4 5. Be2 Bxe2 6. Qxe2 c6 7. f4 Nbd7 8. Nf3 g6 9. d3 Bg7 10. Nbd2 0-0 11. Ne5 Nxe5 12. Bxe5 Nd7 13. Bxg7 Kxg7 14. 0-0 e5 15. Rae1 Qe7 16. fxe5 Nxe5 17. d4 Nd7 18. e4 Qxa3 19. exd5 cxd5 20. Qe7 Qxe7 21. Rxe7 Rad8 22. c4 b6 23. cxd5 Nf6 24. Rb7 Rxd5 25. Rxb6 Rxd4 26. Nc4 Ne4 27. Nxa5 Nd2 28. Re1 Rc8 29. Rc6 Ra8 30. Rc5 Ra6 31. Nc6 Nxb3 32. Rc3 Rd2 33. Nb4 Ra1 34. Rxa1 Nxa1 35. Ra3 Rd1+ 36. Kf2 h5 37. Ke2 Rb1 38. Nd3 h4 39. Kd2 Rg1 40. Ne1 Rxe1 0-1

[Event "Orsha blitz op"]
[Site "Orsha"]
[Date "2019.01.19"]
[Round "1"]
[White "Tsiuryn, Ilya"]
[Black "Borsuk, Yuriy"]
[Result "0-1"]
[WhiteElo "1480"]
[BlackElo "2385"]
[PlyCount "74"]
[EventDate "2019.01.19"]
[EventType "swiss (blitz)"]
[EventRounds "10"]
[EventCountry "BLR"]
[SourceTitle "CBM 189 Extra"]
[Source "ChessBase"]
[SourceDate "2019.05.31"]
[SourceVersion "1"]
[SourceVersionDate "2019.05.31"]
[SourceQuality "1"]

1. b3 Nf6 2. Bb2 d5 3. e3 e6 4. c4 Nbd7 5. Nf3 g6 6. cxd5 exd5 7. d4 Bg7 8. Be2 0-0 9. 0-0 Ne4 10. Nc3 Nxc3 11. Bxc3 Re8 12. Rc1 c6 13. Bd3 Nf6 14. Re1 Ne4 15. Bb2 Bg4 16. h3 Bd7 17. Nd2 Nd6 18. e4 dxe4 19. Nxe4 Nf5 20. Bc4 Be6 21. Bxe6 Rxe6 22. Rc4 Qe7 23. Kf1 Re8 24. Rc1 Rxe4 25. Rxe4 Qxe4 26. f3 Qe3 27. Qe1 Qd3+ 28. Kg1 Rxe1+ 29. Rxe1 Bxd4+ 30. Bxd4 Qxd4+ 31. Kh2 Qd2 32. Re8+ Kg7 33. Re4 Ne3 34. Kg3 Nf1+ 35. Kg4 f5+ 36. Kh4 g5+ 37. Kh5 Ng3# 0-1